Kreatívne riešenie problémov v podniku: metódy a použitie

Snaha o podporu podnikov pri definovaní problémov, vytvárať a zvoliť kreatívne a užitočné nápady a overiť ich. Návrh ľahko použiteľných postupov pre tvorivé riešenie problémov, členené podľa fáz tvorivého riešenia problémov a hlavných funkcií. Vzorové príklady na každú z vybraných techník a metód. P...

ver descrição completa

Na minha lista:
Detalhes bibliográficos
Autor principal: Čančer, Vesna
Formato: Capítulo de Livro
Idioma:inglês
Assuntos:
Tags: Adicionar Tag
Sem tags, seja o primeiro a adicionar uma tag!

MARC

LEADER 00000nla$a2200000$$$4500
001 0146921
005 20220729111411.0
041 0 |a eng 
044 |a SK 
245 1 0 |a Kreatívne riešenie problémov v podniku: metódy a použitie  |c Vesna Čančer 
520 |a Snaha o podporu podnikov pri definovaní problémov, vytvárať a zvoliť kreatívne a užitočné nápady a overiť ich. Návrh ľahko použiteľných postupov pre tvorivé riešenie problémov, členené podľa fáz tvorivého riešenia problémov a hlavných funkcií. Vzorové príklady na každú z vybraných techník a metód. Prípady tvorivého riešenia problémov v podnikoch, ktoré znázorňujú vzájomnú podporu kreatívnych techník a multikriteriálnych rozhodovacích metód pri riešení problémov. 
610 2 0 |a rozhodovanie manažérske 
610 2 0 |a rozhodovanie podnikové 
610 2 0 |a stratégia podniková 
610 2 0 |a kreativita 
610 2 0 |a rozhodovanie viackriteriálne 
100 1 |a Čančer, Vesna